Výhody a riziká využitia internetu pri riešení poistnej udalosti diplomová práca

Gespeichert in:
Bibliographische Detailangaben
1. Verfasser: Lászlová, Diana
Körperschaft: Obchodná fakulta EU. Katedra marketingu
Weitere Verfasser: Richterová, Kornélia
Format: Buch
Sprache:Slowakisch
Veröffentlicht: Bratislava 2013
Tags: Tag hinzufügen
Keine Tags, Fügen Sie das erste Tag hinzu!

MARC

LEADER 00000nbm a2200000 4500
001 0169596
005 20161109102314.5
041 0 |a slo 
044 |a SK 
245 1 0 |a Výhody a riziká využitia internetu pri riešení poistnej udalosti  |b diplomová práca  |c Diana Lászlová ; školiteľ: Kornélia Richterová 
264 1 |a Bratislava  |c 2013 
300 |a 83 s. 
100 1 |a Lászlová, Diana 
700 1 |a Richterová, Kornélia 
710 2 |a Obchodná fakulta EU. Katedra marketingu